Možnosti využívania Google aplikácií v súkromnom sektore bakalárska práca

Uložené v:
Podrobná bibliografia
Hlavný autor: Martešík, Matúš
Korporativný autor: Fakulta hospodárskej informatiky EU. Katedra aplikovanej informatiky
Ďalší autori: Cárachová, Magdaléna
Médium: Kniha
Jazyk:Slovak
Vydavateľské údaje: Bratislava 2018
Tagy: Pridať tag
Žiadne tagy, Buďte prvý, kto otaguje tento záznam!

MARC

LEADER 00000nbm a2200000 4500
001 0245317
005 20181015110501.5
041 0 |a slo 
044 |a SK 
245 1 0 |a Možnosti využívania Google aplikácií v súkromnom sektore  |b bakalárska práca  |c Matúš Martešík ; školiteľ: Magdaléna Cárachová 
264 1 |a Bratislava  |c 2018 
300 |a 43 s. 
100 1 |a Martešík, Matúš 
700 1 |a Cárachová, Magdaléna 
710 2 |a Fakulta hospodárskej informatiky EU. Katedra aplikovanej informatiky